00434nam a2200181Ia 4500008004100000020001300041050001400054100001600068245002200084245004600106260001500152260001600167260000900183300001500192300002700207300001000234500000800244170918s9999 xx 000 0 und d a59009478 bS535 1991 aShaw, Nancy aSheep in a shop / cNancy Shaw ; illustrated by Margot Apple. aNew York : bScholastic, c1991 a32 pages : bcolored illustration ; c20cm. a150